The Entities Roblox doors (THE CONTENT UPDATE)-Sudden-death-English - Statistics

General Stats
  • This quiz has been taken 90 times
    89 since last reset
  • The average score is 12 of 17
Answers on the Grid
Answers color-coded by a green-red scale on the quiz's grid according to % correct below.
Candle
Rush
Seek
Crucifix
Smoothie
Flashlight
Ambush
Figure
Book
Key
Queen Grumble
Solution Paper
Screesh
Gloombats
Giggle
Dupe
Retrokey
Holy Hand Grenade
Banana
Snare
Firedamp
Bucklight
Sally
Dread
Glowstick
Lookman
A-90
Blitz
Skeletonkey
El Goblino
Star vial
Barrel of Starlight
Dam Seek
Batteries pack
Laser pointer
 
Answer Stats
Answer % Correct
Rush
100%
Ambush
92%
Dupe
92%
Figure
92%
Seek
92%
Giggle
83%
Dread
67%
Snare
67%
A-90
58%
Blitz
58%
El Goblino
58%
Gloombats
58%
Sally
58%
Dam Seek
50%
Queen Grumble
50%
Screesh
42%
Lookman
33%
No matching quizzes found
Score Distribution
Percent of People with Each Score
Percentile by Number Answered
Your Score History
You have not taken this quiz since the last reset